000 00393nam a2200157Ia 4500
003 GCL
008 140319s9999 xx 000 0 ara d
040 _aGCL /
_cGCL
082 0 4 _aد
_b050
100 1 _aمحمود كامل
245 1 0 _aاللهب المدفون (اقرا 382 ) /
_cمحمود كامل
300 _a211
490 _aاقرأ
_v0
650 0 4 _aالقصص
942 _2ddc
_cBK
999 _c48986
_d48986